|
|
|
|
| LEADER |
00000naa2a2200000 4500 |
| 001 |
50802 |
| 005 |
20240215093621.0 |
| 035 |
|
|
|a (RuTPU)RU\TPU\book\53185
|
| 035 |
|
|
|a RU\TPU\book\53169
|
| 090 |
|
|
|a 50802
|
| 100 |
|
|
|a 20030418d1997 k y0rusy50 ca
|
| 101 |
0 |
|
|a rus
|
| 102 |
|
|
|a RU
|
| 200 |
1 |
|
|a Воздействие термообработки на электрические свойства ферритов
|f С. А. Гынгазов, Т. С. Полякова, В. А. Власов
|
| 463 |
|
1 |
|0 (RuTPU)RU\TPU\book\13018
|t Современные техника и технологии
|o труды 3-ей областной научно-практической конференции студентов, аспирантов и молодых ученых, 25-28 марта 1997 г., г. Томск
|f Томский политехнический университет
|v С. 122-123
|d 1997
|p 148 с.
|
| 610 |
1 |
|
|a труды учёных ТПУ
|
| 675 |
|
|
|a 62.001.5(063)
|v 3
|
| 700 |
|
1 |
|a Гынгазов
|b С. А.
|c специалист в области электроники
|c профессор Томского политехнического университета, доктор технических наук
|f 1958-
|g Сергей Анатольевич
|3 (RuTPU)RU\TPU\pers\26531
|9 12225
|
| 701 |
|
1 |
|a Полякова
|b Т. С.
|4 070
|
| 701 |
|
1 |
|a Власов
|b В. А.
|4 070
|
| 801 |
|
1 |
|a RU
|b 63413507
|c 20030409
|g PSBO
|
| 801 |
|
2 |
|a RU
|b 63413507
|c 20161208
|g PSBO
|
| 942 |
|
|
|c BK
|